Romania Liga 1 - Statistics

General Stats
  • This quiz has been taken 1,030 times
  • The average score is 55 of 95
Answer Stats
Hint Answer % Correct
2013 Steaua
99%
2006 Steaua
99%
2005 Steaua
99%
2001 Steaua
99%
1998 Steaua
99%
1997 Steaua
99%
1996 Steaua
99%
1995 Steaua
99%
1994 Steaua
99%
1993 Steaua
99%
1989 Steaua
99%
1988 Steaua
99%
1987 Steaua
99%
1986 Steaua
99%
1985 Steaua
99%
1978 Steaua
99%
1976 Steaua
99%
1968 Steaua
99%
1961 Steaua
99%
1960 Steaua
99%
1956 Steaua
99%
1953 Steaua
99%
1952 Steaua
99%
1951 Steaua
99%
2007 Dinamo
94%
2004 Dinamo
94%
2002 Dinamo
94%
2000 Dinamo
94%
1992 Dinamo
94%
1990 Dinamo
94%
1984 Dinamo
94%
1983 Dinamo
94%
1982 Dinamo
94%
1977 Dinamo
94%
1975 Dinamo
94%
1973 Dinamo
94%
1971 Dinamo
94%
1965 Dinamo
94%
1964 Dinamo
94%
1963 Dinamo
94%
1962 Dinamo
94%
1955 Dinamo
94%
2012 CFR Cluj
83%
2010 CFR Cluj
83%
2008 CFR Cluj
83%
2003 Rapid
82%
1999 Rapid
82%
1967 Rapid
82%
2011 Otelul
63%
2009 Unirea Urziceni
52%
1991 Universitatea Craiova
51%
1981 Universitatea Craiova
51%
1980 Universitatea Craiova
51%
1974 Universitatea Craiova
51%
1966 Petrolul
45%
1959 Petrolul
45%
1958 Petrolul
45%
1979 FC Arges
27%
1972 FC Arges
27%
1927 Chinezul Timisoara
23%
1926 Chinezul Timisoara
23%
1925 Chinezul Timisoara
23%
1924 Chinezul Timisoara
23%
1923 Chinezul Timisoara
23%
1922 Chinezul Timisoara
23%
1938 Ripensia Timisoara
21%
1936 Ripensia Timisoara
21%
1935 Ripensia Timisoara
21%
1933 Ripensia Timisoara
21%
1970 UT Arad
10%
1969 UT Arad
10%
1954 UT Arad
10%
1950 UT Arad
10%
1948 UT Arad
10%
1947 UT Arad
10%
1940 Venus Bucharest
8%
1939 Venus Bucharest
8%
1937 Venus Bucharest
8%
1934 Venus Bucharest
8%
1932 Venus Bucharest
8%
1929 Venus Bucharest
8%
1921 Venus Bucharest
8%
1920 Venus Bucharest
8%
1916 Prahova Ploiesti
6%
1928 Coltea Brasov
5%
1911 Olympia Bucharest
5%
1910 Olympia Bucharest
5%
1915 Romano-Americana
5%
1949 CA Oradea
4%
1914 Colentina Bucharest
3%
1913 Colentina Bucharest
3%
1930 Juventus Bucharest
3%
1941 Unirea Tricolor Bucharest
3%
1912 United Poiesti
1%
1931 AFCM Resita
0%
No matching quizzes found
Score Distribution
Percent of People with Each Score
Percentile by Number Answered
Your Score History
You have not taken this quiz